Քո ընկեր Վոլոդյա Ուլյանովը : (Record no. 136172)
[ view plain ]
| 000 -LEADER | |
|---|---|
| fixed length control field | 00996nam a2200229 a 4500 |
| 001 - CONTROL NUMBER | |
| control field | 000355282 |
| 003 - CONTROL NUMBER IDENTIFIER | |
| control field | AM-YeHGA |
| 005 - DATE AND TIME OF LATEST TRANSACTION | |
| control field | 20250618072222.0 |
| 008 - FIXED-LENGTH DATA ELEMENTS--GENERAL INFORMATION | |
| fixed length control field | 040225s1978 ai |||||r|||||||||0|arm|d |
| 040 ## - CATALOGING SOURCE | |
| Original cataloging agency | AM-YeHGA |
| 041 1# - LANGUAGE CODE | |
| Language code of text/sound track or separate title | arm |
| Language code of original | rus |
| 090 ## - LOCALLY ASSIGNED LC-TYPE CALL NUMBER (OCLC); LOCAL CALL NUMBER (RLIN) | |
| -- | 137543 |
| 245 10 - TITLE STATEMENT | |
| Title | Քո ընկեր Վոլոդյա Ուլյանովը : |
| Remainder of title | [Պատմվածքներ] / |
| Statement of responsibility, etc. | Լ. Սուզան ; Թարգմ.՝ Գ. Վիրապյան ; Խմբ.՝ Մ. Բերբերյան ; Նկ.՝ Գ. Գասպարյան. |
| 260 ## - PUBLICATION, DISTRIBUTION, ETC. | |
| Place of publication, distribution, etc. | Երևան : |
| Name of publisher, distributor, etc. | Սովետական գրող, |
| Date of publication, distribution, etc. | 1978. |
| 300 ## - PHYSICAL DESCRIPTION | |
| Extent | 84 էջ : |
| Other physical details | նկ. ; |
| Dimensions | 17 սմ. |
| 600 10 - SUBJECT ADDED ENTRY--PERSONAL NAME | |
| Personal name | Լենին, Վլադիմիր Իլյիչ, |
| Dates associated with a name | 1870-1924 |
| 9 (RLIN) | 5803 |
| 650 14 - SUBJECT ADDED ENTRY--TOPICAL TERM | |
| Topical term or geographic name entry element | Ռուս գրականություն |
| General subdivision | Պատմվածք |
| 9 (RLIN) | 4645 |
| 700 1# - ADDED ENTRY--PERSONAL NAME | |
| Personal name | Վիրապյան, Գևորգ Վահանի, |
| Dates associated with a name | 1917-1977 |
| Relator term | թարգմ. |
| Relationship | trl |
| 700 1# - ADDED ENTRY--PERSONAL NAME | |
| Personal name | Բերբերյան, Մ. |
| Relator term | խմբ. |
| Relationship | edt |
| 700 1# - ADDED ENTRY--PERSONAL NAME | |
| Personal name | Գասպարյան, Գաստելլո Ավետիսի, |
| Dates associated with a name | 1941- |
| Relator term | նկ. |
| Relationship | art |
| 9 (RLIN) | 3220 |
| 942 ## - ADDED ENTRY ELEMENTS (KOHA) | |
| Source of classification or shelving scheme | Universal Decimal Classification |
| Koha item type | Գրքեր / Books |
| Withdrawn status | Lost status | Damaged status | Not for loan | Collection | Home library | Current library | Date acquired | Total checkouts | Full call number | Barcode | Date last seen | Cost, replacement price | Price effective from | Koha item type | Public note |
|---|---|---|---|---|---|---|---|---|---|---|---|---|---|---|---|
| General | Fundamental Scientific Library | Fundamental Scientific Library | 22/12/2016 | AI/15361 | FL0055481 | 22/12/2016 | 35.00 | 22/12/2016 | Գրքեր / Books | 30 Days Loan | |||||
| General | Fundamental Scientific Library | Fundamental Scientific Library | 22/12/2016 | AI/15381 | FL0055506 | 22/12/2016 | 35.00 | 22/12/2016 | Գրքեր / Books | 30 Days Loan | |||||
| General | Fundamental Scientific Library | Fundamental Scientific Library | 22/12/2016 | AI/15382 | FL0055507 | 22/12/2016 | 35.00 | 22/12/2016 | Գրքեր / Books | 30 Days Loan |
ՀՀ Գիտությունների ազգային ակադեմիայի հիմնարար գիտական գրադարան = Fundamental Scientific Library of NAS RA
All site content, except where otherwise noted, is licensed under a